000 00538nam a22002057a 4500
003 IIN
005 20250429110441.0
008 250429s |||ad||| |||| 001 0 eng d
020 _a9781543346909
_cRs.599.00
040 _aIIN
082 _a579
_bWAN
100 _aWani, Imtiyaz
245 _aA Textbook of Applied Microbiology
_cImtiyaz Wani and Poonam Batra
260 _aPunjab
_bPee Vee Books
_c2022
300 _a418 p.
_bcol. ill.
500 _aIncludes Index
650 _aMicrobiology
700 _aBatra, Poonam
942 _cBOOK
999 _c1764
_d1764